[Event "Avoine op 21th"]
[Site "Avoine"]
[Date "2006.07.25"]
[Round "4"]
[White "Glibert, Stephane"]
[Black "Deboulle, Patrick"]
[Result "1-0"]
[WhiteElo "1884"]
[BlackElo "1451"]
[PlyCount "35"]
[EventDate "2006.07.22"]
[EventType "swiss"]
[EventRounds "9"]
[EventCountry "FRA"]
[SourceTitle "EXT 2007"]
[Source "ChessBase"]
[SourceDate "2006.11.23"]
[SourceVersion "1"]
[SourceVersionDate "2006.11.23"]
[SourceQuality "1"]

1. e4 d5 2. exd5 Qxd5 3. Nc3 Qa5 4. d4 c6 5. Nf3 Bf5 6. Bd3 Bg6 7. Bf4 e6 8. Qd2 Bb4 9. a3 Bxc3 10. Qxc3 Qxc3+ 11. bxc3 Bxd3 12. cxd3 Nd7 13. Rb1 b5 14. Ne5 Ngf6 15. Nxc6 Rc8 16. Nxa7 Rxc3 17. Nxb5 Rc8 18. Nd6+ 1-0

[Event "Charleroi op 4th"]
[Site "Charleroi"]
[Date "2005.08.01"]
[Round "2"]
[White "Versailles, Marc"]
[Black "Deboulle, Patrick"]
[Result "1-0"]
[WhiteElo "1759"]
[BlackElo "1492"]
[PlyCount "47"]
[EventDate "2005.07.30"]
[EventType "swiss"]
[EventRounds "9"]
[EventCountry "BEL"]
[SourceTitle "EXT 2006"]
[Source "ChessBase"]
[SourceDate "2005.11.24"]
[SourceVersion "1"]
[SourceVersionDate "2005.11.24"]
[SourceQuality "1"]

1. d4 c5 2. dxc5 b6 3. cxb6 Qxb6 4. e3 e6 5. Qd4 Qxd4 6. exd4 Nc6 7. c3 Rb8 8. Nf3 Bd6 9. Nbd2 Nge7 10. Bd3 Bf4 11. Rb1 d5 12. 0-0 e5 13. dxe5 Nxe5 14. Nxe5 Bxe5 15. Nf3 Bf6 16. Bf4 Rb6 17. Be3 Rb8 18. Rfe1 Be6 19. Nd4 Bxd4 20. Bxd4 0-0 21. Bxa7 Ra8 22. Bc5 Rfb8 23. Bxe7 Rxa2 24. Ba3 1-0